Computer architecture and organization (Record no. 66303)

000 -LEADER
fixed length control field 00530nam a22002057a 4500
003 - CONTROL NUMBER IDENTIFIER
control field NUST - PNEC
005 - DATE AND TIME OF LATEST TRANSACTION
control field 20170116180946.0
008 - FIXED-LENGTH DATA ELEMENTS--GENERAL INFORMATION
fixed length control field 150907b xxu||||| |||| 00| 0 eng d
020 ## - INTERNATIONAL STANDARD BOOK NUMBER
International Standard Book Number 0070273669
020 ## - INTERNATIONAL STANDARD BOOK NUMBER
International Standard Book Number 9781259028564
020 ## - INTERNATIONAL STANDARD BOOK NUMBER
International Standard Book Number 1259028569
040 ## - CATALOGING SOURCE
Transcribing agency LIBRARY
082 ## - DEWEY DECIMAL CLASSIFICATION NUMBER
Classification number 621.3819 HAY
100 ## - MAIN ENTRY--PERSONAL NAME
9 (RLIN) 8944
Personal name Hayes, John P.
245 ## - TITLE STATEMENT
Title Computer architecture and organization
Statement of responsibility, etc. John P. Hayes
250 ## - EDITION STATEMENT
Edition statement 3rd ed.
260 ## - PUBLICATION, DISTRIBUTION, ETC.
Date of publication, distribution, etc. c.1998
650 ## - SUBJECT ADDED ENTRY--TOPICAL TERM
9 (RLIN) 8931
Topical term or geographic name entry element Computer architecture
General subdivision EL, MIS
942 ## - ADDED ENTRY ELEMENTS (KOHA)
Source of classification or shelving scheme
Koha item type Book
Holdings
Withdrawn status Lost status Source of classification or shelving scheme Damaged status Not for loan Permanent Location Current Location Shelving location Date acquired Total Checkouts Full call number Barcode Date last seen Price effective from Koha item type
          Pakistan Navy Engineering College (PNEC) Pakistan Navy Engineering College (PNEC)       621.3819 HAY PNECLIB-031721 09/07/2015   Book
          Pakistan Navy Engineering College (PNEC) Pakistan Navy Engineering College (PNEC)       621.3819 HAY PNECLIB-031720 09/08/2015   Book
          Pakistan Navy Engineering College (PNEC) Pakistan Navy Engineering College (PNEC)       621.3819 HAY PNECLIB-025449 09/19/2015   Book
© 2023 Central Library, National University of Sciences and Technology. All Rights Reserved.